Movies Beginning With F - The Last 40 Years - Statistics

General Stats
  • This quiz has been taken 22 times
  • The average score is 10 of 41
Answer Stats
Picture Answer % Correct
Ferris Bueller's Day Off (1986)
84%
Face/Off (1997)
68%
Frankenweenie (2012)
68%
Fried Green Tomatoes (1991)
68%
Fatal Attraction (1987)
63%
Final Destination (2000)
53%
Forgetting Sarah Marshall (2008)
53%
Four Weddings And A Funeral (1994)
53%
Fear And Loathing In Las Vegas (1996)
47%
Freddy Vs Jason (2003)
47%
Fright Night (1985)
32%
Focus (2015)
26%
Frankenstein (2025)
26%
Four Brothers (2005)
21%
The Firm (1993)
21%
Fahrenheit 451 (2018)
16%
Fighting With My Family (2019)
16%
Flatliners (1990)
16%
Fly Away Home (1996)
16%
Freaky (2020)
16%
Fruitvale Station (2013)
16%
Fast Five (2011)
11%
Fatherhood (2021)
11%
Forces Of Nature (1999)
11%
Foxcatcher (2014)
11%
French Kiss (1995)
11%
Fresh (2022)
11%
From Hell (2001)
11%
Funny People (2009)
11%
Family Business (1989)
5%
Faster (2010)
5%
Find Me Guilty (2006)
5%
Flight Of The Phoenix (2004)
5%
Fly Me To The Moon (2024)
5%
Fortress (1992)
5%
Fracture (2007)
5%
Frantic (1988)
5%
Full Frontal (2002)
5%
The Family Plan (2023)
5%
The Finest Hours (2016)
5%
The Foreigner (2017)
5%
No matching quizzes found
Score Distribution
Percent of People with Each Score
Percentile by Number Answered
Your Score History
You have not taken this quiz